000 00658nam a2200253Ia 4500
003 OSt
005 20221005023650.0
006 a|||||r|||| 00| 0
007 ta
008 221004b |||||||| |||| 00| 0 eng d
024 _a53128
037 _cTextual
040 _aCRL
_cCRL
_beng
041 _2eng
_aeng
082 _aR39(A), M0
100 _aLincoln Yvonna S
_935313
245 0 _aNaturalistic inquiry
260 _aBeverly
_bHills Sage
_c1980
300 _a416p.
_ccm.
650 _aPHILOSOPHY
700 _a Guba Egon G
_9579862
942 _hR39(A), M0
_cTEXL
_2cc
999 _c931562
_d931562